Videonahrávky pro předmět "Praktikum z formovací a licí techniky"

Hlavní autor: Lichý, Petr, 1977-
Korporativní autor: Vysoká škola báňská - Technická univerzita Ostrava. Fakulta metalurgie a materiálového inženýrství
Jazyk: Čeština
Vydáno: Ostrava : Vysoká škola báňská - Technická univerzita Ostrava, 2013
Vydání: 1. vyd.
Témata:
Fyzický popis: 1 DVD-ROM
Knihy
Uloženo v:
LEADER 01682nam a2200397 a 4500
001 001284916
003 CZ BrMZK
005 20130502100855.0
006 m||||||||d||||||||
007 co cg
008 130321s2013 xr e 00| 0 cze
015 |a cnb002436696 
020 |a 978-80-248-2945-6  |q (CDR) 
040 |a BOA001  |b cze 
072 7 |a 621  |x Strojírenství  |2 Konspekt  |9 19 
072 7 |a 37.016  |x Učební osnovy. Vyučovací předměty. Učebnice  |2 Konspekt  |9 22 
080 |a 621.746  |2 MRF 
080 |a (072)  |2 MRF 
080 |a (0.034.44)  |2 MRF 
100 1 |a Lichý, Petr,  |d 1977-  |7 mzk2009502234  |4 aut 
245 1 0 |a Videonahrávky pro předmět "Praktikum z formovací a licí techniky"  |h [elektronický zdroj] /  |c Petr Lichý 
250 |a 1. vyd. 
260 |a Ostrava :  |b Vysoká škola báňská - Technická univerzita Ostrava,  |c 2013 
300 |a 1 DVD-ROM 
500 |a Název z bukletu; označení vyd. z tiráže 
538 |a Požadavky na systém: Internet 
550 |a Vydavatel: Vysoká škola báňská - Technická univerzita Ostrava, Fakulta metalurgie a materiálového inženýrsví 
650 0 7 |a odlévání kovů  |7 ph228460  |2 czenas 
650 0 7 |a kovové odlitky  |7 ph135241  |2 czenas 
655 7 |a učební pomůcky  |7 fd133775  |2 czenas 
655 7 |a DVD-ROM  |7 fd451318  |2 czenas 
710 2 |a Vysoká škola báňská - Technická univerzita Ostrava.  |b Fakulta metalurgie a materiálového inženýrství  |7 kn20010709390 
910 |a BOA001  |b CDR-1302.716 
990 |a BK 
991 |b 201305  |c NOV  |e n 
996 6 |b 2610543760  |c CDR-1302.716  |l Stud. periodik/2.patro  |r Sklad / do 1 hodiny  |n 0  |p p.v. ; nelze nahrát do Krameria  |w 001320429  |u 000010  |a 1  |e BOA001  |j MZK50  |s P